| 000 | 01549nam a22003015a 4500 | ||
|---|---|---|---|
| 003 | EG-ScBUE | ||
| 005 | 20211101110300.0 | ||
| 008 | 180106s2007 ua a f b 000 0 ara d | ||
| 017 | _a2007 / 5787 | ||
| 040 |
_aEG-ScBUE _bara _erda _cEG-ScBUE _dEG-ScBUE |
||
| 082 | 0 | 4 |
_a658.4 _bهـ و ا _222 |
| 100 | 1 |
_aالهواري، سيد، _eمؤلف. |
|
| 245 | 1 | 2 |
_aالأنماط القيادية للمديرين : _bقائد الفريق، المجامل، الزئبقي، الدكتاتور، البيروقراطي : كل ما تحتاج أن تعرفه لكي تختار نمطك القيادي / _cالدكتور سيد الهواري، أستاذ إدارة الأعمال - كلية التجارة جامعة عين شمس، دكتوراة الفلسفة في إدارة الأعمال من جامعة نيويورك - أمريكا 1961، رئيس مركز الدكتور الهواري للاستشارات. |
| 264 | 1 |
_aالقاهرة : _bسيد الهواري، _c2007. |
|
| 300 |
_a232 صفحة : _bإيضاحيات ؛ _c24 سم |
||
| 336 |
_2rdacontent _aنص _btxt |
||
| 337 |
_2rdamedia _aبدون وسيط _bn |
||
| 338 |
_2rdacarrier _aمجلد _bnc |
||
| 504 | _aيشتمل على إرجاعات ببليوجرافية. | ||
| 541 | _cإهداء. | ||
| 650 | 7 |
_aالرؤساء والمديرون. _2BUEsh |
|
| 650 | 7 |
_aالقيادة الإدارية. _2BUEsh |
|
| 650 | 7 |
_aالإدارة بالأهداف. _2BUEsh _915127 |
|
| 651 | _2BUEsh | ||
| 653 |
_bBUSADM _bGGEN _cJanuary2018 |
||
| 655 |
_vReading book _934232 |
||
| 942 | _2ddc | ||
| 999 |
_c25874 _d25846 |
||